00441nam a2200181Ia 4500003000400000005001700004008004100021020001500062040000700077041001200084082001800096100001800114245004100132260003700173365001300210650001400223650002200237OSt20250730181415.0210423s9999 xx 000 0 und d a8170337550 cAL aEnglish a307.762bVYAP aVinod Vyasulu aPanchayats democracy and development bRawat PublicationsaJaipurc2003 b395cINR aSociology aUrban Communities